Culture générale - numéro 12 - Statistiques

Statistiques générales
  • Ce quiz a été pris 258 fois
  • Le résultat moyen est 9 sur 15
Statistiques - réponses
Question Réponse % Correct
De quelle couleur est la peau d'un ours polaire? Noire
90%
Quelle est la langue officielle du Sénégal? Le français
86%
Quel élément chimique a pour symbole He? Hélium
84%
Quel objet sert à mesurer un angle, en mathématiques? Un rapporteur
81%
Quel sport pratiquez vous si vous utilisez un Putter ou un Fer? Au golf
78%
Qui est le deuxième président de la cinquième république française? Georges Pompidou
74%
Dans quel domaine le record est-il de 2,45 mètres? Le saut en hauteur
74%
Dans quelle ville se situe la prison d'Alcatraz? San Francisco
70%
Quelle capitale, se situant en Amérique du Sud, est la plus haute en altitude? La Paz
60%
Qui était président des États-Unis lors de la quasi totalité de la seconde guerre mondiale? F.D Roosevelt
55%
Qui a écrit La Ligne Verte ou encore Shining? Stephen King
54%
Quelle est l'année d'indépendance des États-Unis? 1776
49%
Quel mer borde le Soudan? La mer rouge
45%
Quel fruit jaune fut découvert par l'expédition de Christophe Colomb en Amérique, en 1493? L'ananas
28%
A quel type de plante appartient la vanille? L'orchidée
20%
Aucun quiz correspondant
Distribution des résultats
% des personnes avec chaque résultat
Percentile par nombre de réponses
Votre historique - résultats
Vous n’avez pas pris ce quiz